Central Library OPAC University of Rajshahi

Feeding pattern, nutritional status and common diseases of under two years children attending at outpatient department of a tertiary level hospital / (Record no. 85160)

MARC details
000 -LEADER
fixed length control field 01224ntm a2200265 a 4500
001 - CONTROL NUMBER
RUCL Control Number 85160
003 - CONTROL NUMBER IDENTIFIER
rucl marc code BD-RjUL
005 - DATE AND TIME OF LATEST TRANSACTION
control field 20250709144708.0
008 - FIXED-LENGTH DATA ELEMENTS--GENERAL INFORMATION
fixed length control field 240709s2024 bg a|||| bm|| 00| 0 eng d
035 ## - SYSTEM CONTROL NUMBER
system control number (BD-RjUL)85160
040 ## - CATALOGING SOURCE
Original cataloging agency BD-RjUL
Language of cataloging eng
Transcribing agency BD-RjUL
Modifying agency BD-RjUL
041 ## - LANGUAGE CODE
Language code of Book eng
082 ## - DEWEY DECIMAL CLASSIFICATION NUMBER
DDC Edition number 23
Classification number 363.82095492
Author mark and Year NUF 2024
100 ## - MAIN ENTRY--PERSONAL NAME
Personal name Nur -A-Zannat, Mst.
9 (RLIN) 15956
245 10 - TITLE STATEMENT
Title Feeding pattern, nutritional status and common diseases of under two years children attending at outpatient department of a tertiary level hospital /
Statement of responsibility, etc by Mst. Nur -A-Zannat ;
Name of Supervisor/Co-Supervisor Supervisor: Md. Masudul Hasan Khan
-- Co-Supervisor : Md. Belal Uddin
-- Co-Supervisor : Laila Shamima Sharmin
260 ## - PUBLICATION, DISTRIBUTION, ETC. (IMPRINT)
Place of publication, distribution, etc Rajshahi :
Name of publisher, distributor, etc Institute of Biological Sciences, University of Rajshahi,
Date of publication, distribution, etc 2024
300 ## - PHYSICAL DESCRIPTION
Pagination xii, 132 leaves :
Other physical details illustration ;
Dimensions 29 cm.
502 ## - DISSERTATION NOTE
Dissertation note Thesis (Ph. D.) -- Institute of Biological Sciences, University of Rajshahi, 2024
504 ## - BIBLIOGRAPHY, ETC. NOTE
Bibliography, etc Includes bibliographical references
650 ## - SUBJECT ADDED ENTRY--TOPICAL TERM
Topical term or geographic name as entry element Children
General subdivision Nutrition
Geographic subdivision Bangladesh.
9 (RLIN) 15960
700 ## - ADDED ENTRY--SUPERVISOR/CO-SUPERVISOR NAME
Personal name Khan, Md. Masudul Hasan Supervisor
9 (RLIN) 15957
Personal name Belal Uddin, Md. Co-Supervisor
9 (RLIN) 15958
Personal name Sharmin, Laila Shamima Co-Supervisor
9 (RLIN) 15959
942 ## - ADDED ENTRY ELEMENTS (KOHA)
Source of classification or shelving scheme Dewey Decimal Classification
Koha item type Theses
Holdings
Source of classification or shelving scheme Damaged status Not for loan Collection code Permanent Location Current Location Shelving location Date of accession Source of acquisition Full call number Barcode Date last seen Copy number Thesis
Dewey Decimal Classification   Not For Loan Theses Central Library, University of Rajshahi Central Library, University of Rajshahi Documentation Section 08/07/2025 Controller of Examination Office, University of Rajshahi, Rajshahi. THE 363.82095492 NUF 2024 D5133 09/07/2025 C-1 Theses